[Event "Belgrade Radnicki IM 2nd 03"]
[Site "Belgrade"]
[Date "2024.03.22"]
[Round "2"]
[White "Petrovic, Aleksa"]
[Black "Martic, Ivan"]
[Result "1-0"]
[WhiteElo "2192"]
[BlackElo "2300"]
[PlyCount "109"]
[EventDate "2024.03.21"]
[EventType "tourn"]
[EventRounds "9"]
[EventCountry "SRB"]
[SourceTitle "CB15_2024"]
[SourceDate "2024.04.10"]
[SourceVersion "1"]
[SourceVersionDate "2024.04.10"]
[SourceQuality "1"]

1. Nf3 e6 2. c4 Nf6 3. g3 a6 4. Bg2 b5 5. b3 Bb7 6. 0-0 c5 7. Nc3 b4 8. Na4 d6 9. d4 Nbd7 10. d5 exd5 11. cxd5 Bxd5 12. Bf4 Be7 13. Re1 0-0 14. e4 Bxe4 15. Bxd6 Re8 16. Bf4 Bf8 17. Qd2 Qc8 18. Rad1 Bc6 19. Rxe8 Qxe8 20. Qc2 Qc8 21. Ne1 Bxg2 22. Nxg2 Qc6 23. Ne3 Re8 24. Qd3 Qf3 25. Nb2 h6 26. Nec4 Qh5 27. f3 Qh3 28. Qf1 Qf5 29. Qd3 Qh3 30. Qf1 Qf5 31. Qd3 Qe6 32. g4 Nb6 33. Nxb6 Qxb6 34. Nc4 Qe6 35. Bg3 Qc6 36. Ne5 Qb6 37. Qc4 Re6 38. f4 Qc7 39. h3 Rd6 40. Rxd6 Bxd6 41. Qxa6 Qe7 42. Nc4 Bc7 43. Bf2 Ne4 44. Be3 Nd6 45. Kf2 Ne4+ 46. Kf3 Nc3 47. Qc6 Qd8 48. Kg2 g5 49. fxg5 hxg5 50. Bxc5 Bf4 51. Bxb4 Qd3 52. Qe8+ Kg7 53. Bf8+ Kg6 54. Qc6+ f6 55. Qe8+ 1-0

[Event "Belgrade Radnicki IM 03"]
[Site "Belgrade"]
[Date "2024.03.15"]
[Round "3"]
[White "Martic, Ivan"]
[Black "Profili, Emilio"]
[Result "1-0"]
[WhiteElo "2300"]
[BlackElo "2129"]
[PlyCount "65"]
[EventDate "2024.03.13"]
[EventType "tourn"]
[EventRounds "9"]
[EventCountry "SRB"]
[SourceTitle "CB13_2024"]
[SourceDate "2024.03.27"]
[SourceVersion "1"]
[SourceVersionDate "2024.03.27"]
[SourceQuality "1"]

1. e4 e6 2. d4 d5 3. e5 c5 4. c3 Nc6 5. Nf3 Qb6 6. a3 Nh6 7. Bd3 cxd4 8. 0-0 Bd7 9. b4 a6 10. c4 dxc4 11. Bxc4 Qc7 12. Qe2 Nf5 13. Bd3 Be7 14. Nbd2 g5 15. Bxf5 exf5 16. Nc4 h6 17. Nd6+ Kf8 18. Bb2 f6 19. Nxd4 Nxe5 20. N6xf5 Qc4 21. Qe4 Bc6 22. Qe3 Re8 23. Rac1 Qd5 24. Nxc6 Nxc6 25. Qh3 Qd2 26. Nxe7 Kxe7 27. Rce1+ Ne5 28. Bxe5 fxe5 29. Qf5 Rhf8 30. Qh7+ Rf7 31. Rxe5+ Kd6 32. Qxf7 Rxe5 33. Qf6+ 1-0

[Event "Belgrade Radnicki IM 03"]
[Site "Belgrade"]
[Date "2024.03.14"]
[Round "2"]
[White "Sukovic, Andrej"]
[Black "Martic, Ivan"]
[Result "1-0"]
[WhiteElo "2334"]
[BlackElo "2300"]
[PlyCount "133"]
[EventDate "2024.03.13"]
[EventType "tourn"]
[EventRounds "9"]
[EventCountry "SRB"]
[SourceTitle "CB13_2024"]
[SourceDate "2024.03.27"]
[SourceVersion "1"]
[SourceVersionDate "2024.03.27"]
[SourceQuality "1"]

1. e4 e5 2. Nf3 Nc6 3. Bb5 a6 4. Ba4 Nf6 5. 0-0 Be7 6. Re1 b5 7. Bb3 d6 8. c3 0-0 9. h3 Na5 10. Bc2 c5 11. d4 Nd7 12. Nbd2 exd4 13. cxd4 Nc6 14. d5 Nce5 15. Nh2 Ng6 16. a4 Rb8 17. axb5 axb5 18. Ndf1 c4 19. Nf3 Nc5 20. Ne3 Nf4 21. Nd4 Bd7 22. Nef5 Nfd3 23. Re3 Bf6 24. Bxd3 Nxd3 25. Rg3 Kh8 26. Ra7 Nxc1 27. Qxc1 Be5 28. Rxd7 Qxd7 29. Rxg7 Bxg7 30. Nxg7 f6 31. Nde6 Rf7 32. Nf5 Re8 33. Qa1 Rff8 34. Nxf8 Rxf8 35. Qa6 Rd8 36. Qb6 Kg8 37. Qd4 Rf8 38. Qb6 Rd8 39. Qd4 Rf8 40. Qe3 Rd8 41. Qc3 Rf8 42. Qg3+ Kh8 43. Nxd6 Qc7 44. Qa3 Rb8 45. Nxb5 Qe5 46. Nd6 Qf4 47. g3 Qd2 48. Qc3 Qxb2 49. Qxb2 Rxb2 50. Nxc4 Rb4 51. Nd6 Rb6 52. Nf5 Rb4 53. Nd6 Rb6 54. Nf5 Rb4 55. f3 Rb2 56. Kf1 Kg8 57. Nd4 Kf7 58. Ne2 Rd2 59. Kf2 f5 60. Ke3 Rd1 61. Kf4 fxe4 62. fxe4 Ke7 63. Ke5 Rd3 64. Nd4 Kd7 65. Nf5 Rf3 66. h4 h5 67. Kf6 1-0

[Event "Belgrade Radnicki IM 03"]
[Site "Belgrade"]
[Date "2024.03.13"]
[Round "1"]
[White "Martic, Ivan"]
[Black "Cetkovic, Miodrag"]
[Result "1/2-1/2"]
[WhiteElo "2300"]
[BlackElo "1995"]
[PlyCount "90"]
[EventDate "2024.03.13"]
[EventType "tourn"]
[EventRounds "9"]
[EventCountry "SRB"]
[SourceTitle "CB13_2024"]
[SourceDate "2024.03.27"]
[SourceVersion "1"]
[SourceVersionDate "2024.03.27"]
[SourceQuality "1"]

1. e4 g6 2. d4 Bg7 3. Nf3 d6 4. Be2 Nf6 5. Nc3 c6 6. a4 0-0 7. 0-0 Nbd7 8. h3 e5 9. dxe5 dxe5 10. Bc4 Qc7 11. Be3 h6 12. Qd2 Kh7 13. Rfd1 Ne8 14. a5 f5 15. exf5 gxf5 16. Be6 Ndf6 17. Bxc8 Rxc8 18. Bxa7 e4 19. Nd4 Qe5 20. Nde2 Nh5 21. Bd4 Qe7 22. Qe3 Rf7 23. Nf4 Nef6 24. Bc5 Qe5 25. Bd6 Qe8 26. Nce2 Rd8 27. Bc5 Nd5 28. Qb3 Ndxf4 29. Rxd8 Nxe2+ 30. Kf1 Qxd8 31. Qxf7 Qg5 32. g4 fxg4 33. Kxe2 Nf4+ 34. Kd2 Nd5+ 35. Ke2 Nf4+ 36. Kd2 Nd5+ 37. Be3 Nxe3 38. fxe3 gxh3 39. Re1 Qxa5+ 40. c3 h2 41. Qf4 Bxc3+ 42. bxc3 Qa2+ 43. Kc1 Qa1+ 44. Kc2 Qa2+ 45. Kc1 Qa1+ 1/2-1/2

[Event "SRB-ch sf"]
[Site "Paracin"]
[Date "2024.02.09"]
[Round "7"]
[White "Martic, Ivan"]
[Black "Todorovic, Goran N"]
[Result "0-1"]
[WhiteElo "2323"]
[BlackElo "2263"]
[PlyCount "76"]
[EventDate "2024.02.05"]
[EventType "swiss"]
[EventRounds "9"]
[EventCountry "SRB"]
[SourceTitle "CB07_2024"]
[SourceDate "2024.02.14"]
[SourceVersion "1"]
[SourceVersionDate "2024.02.14"]
[SourceQuality "1"]

1. e4 Nc6 2. Nf3 d6 3. d4 Nf6 4. Nc3 g6 5. Be2 Bg7 6. d5 Nb8 7. 0-0 0-0 8. Be3 c6 9. h3 b5 10. dxc6 b4 11. Nd5 Nxc6 12. Nd4 Bb7 13. Ba6 Nxd5 14. exd5 Nxd4 15. Bxb7 Rb8 16. Bxd4 Bxd4 17. Qxd4 Rxb7 18. Rfe1 Qa5 19. Re2 Rc8 20. h4 Qb5 21. Qd2 Rc5 22. Rd1 Rxd5 23. Qxd5 Qxe2 24. Qxb7 Qxd1+ 25. Kh2 Qxc2 26. Qxe7 Qxf2 27. h5 Qf4+ 28. Kg1 Qd4+ 29. Kf1 Qc4+ 30. Kg1 Qc5+ 31. Kf1 Qc1+ 32. Kf2 Qxb2+ 33. Kf3 Qc3+ 34. Kg4 Qd4+ 35. Kh3 Qe5 36. Qd8+ Kg7 37. g4 gxh5 38. g5 a5 0-1

[Event "Belgrade Trophy 36th"]
[Site "Belgrade"]
[Date "2023.12.03"]
[Round "9"]
[White "Martic, Ivan"]
[Black "Atalik, Suat"]
[Result "1/2-1/2"]
[WhiteElo "2292"]
[BlackElo "2427"]
[PlyCount "28"]
[EventDate "2023.11.25"]
[EventType "swiss"]
[EventRounds "9"]
[EventCountry "SRB"]
[SourceTitle "CB49_2023"]
[SourceDate "2023.12.06"]
[SourceVersion "1"]
[SourceVersionDate "2023.12.06"]
[SourceQuality "1"]

1. e4 e5 2. Nf3 Nc6 3. Bc4 Nf6 4. d3 Be7 5. 0-0 0-0 6. Re1 d6 7. c3 Na5 8. Bb5 a6 9. Ba4 b5 10. Bc2 c5 11. h3 Nc6 12. d4 Nd7 13. d5 Na5 14. b3 Nb6 1/2-1/2

[Event "Belgrade Trophy 36th"]
[Site "Belgrade"]
[Date "2023.12.01"]
[Round "7"]
[White "Stanojevic, Ilija"]
[Black "Martic, Ivan"]
[Result "0-1"]
[WhiteElo "2117"]
[BlackElo "2292"]
[PlyCount "52"]
[EventDate "2023.11.25"]
[EventType "swiss"]
[EventRounds "9"]
[EventCountry "SRB"]
[SourceTitle "CB49_2023"]
[SourceDate "2023.12.06"]
[SourceVersion "1"]
[SourceVersionDate "2023.12.06"]
[SourceQuality "1"]

1. d4 f5 2. c4 Nf6 3. g3 g6 4. Bg2 Bg7 5. Nc3 0-0 6. Nf3 d6 7. 0-0 c6 8. Qb3 Na6 9. Re1 Qb6 10. Qc2 Qc7 11. e4 Nxe4 12. Nxe4 fxe4 13. Qxe4 e5 14. dxe5 Bf5 15. Qh4 dxe5 16. Be3 Nb4 17. g4 Bd3 18. Ng5 Bf6 19. Red1 Bxc4 20. Bc5 Nd3 21. Bxf8 Rxf8 22. Bf1 e4 23. b3 Bd5 24. Bxd3 exd3 25. Rac1 Qe7 26. Re1 d2 0-1

[Event "Belgrade Trophy 36th"]
[Site "Belgrade"]
[Date "2023.11.28"]
[Round "4"]
[White "Chubakov, Sultan"]
[Black "Martic, Ivan"]
[Result "0-1"]
[WhiteElo "2079"]
[BlackElo "2292"]
[PlyCount "86"]
[EventDate "2023.11.25"]
[EventType "swiss"]
[EventRounds "9"]
[EventCountry "SRB"]
[SourceTitle "CB49_2023"]
[SourceDate "2023.12.06"]
[SourceVersion "1"]
[SourceVersionDate "2023.12.06"]
[SourceQuality "1"]

1. c4 f5 2. d4 d6 3. Nf3 Nf6 4. g3 g6 5. Bg2 Bg7 6. 0-0 0-0 7. Nc3 c6 8. Re1 Qc7 9. Qb3 Kh8 10. Bf4 Nh5 11. Qa3 Nxf4 12. gxf4 Nd7 13. Rad1 Nf6 14. e3 Bd7 15. c5 b5 16. cxd6 exd6 17. Qb3 a5 18. a4 b4 19. Ne2 Nd5 20. Qc2 Qd8 21. b3 h6 22. Nd2 g5 23. Nc4 Be8 24. h3 Bh5 25. f3 Ra7 26. Kh2 Re7 27. Qd2 Ree8 28. Ng3 Bg6 29. fxg5 hxg5 30. f4 Bh6 31. Bxd5 cxd5 32. Nb2 gxf4 33. exf4 Qh4 34. Rxe8 Rxe8 35. Nd3 Re4 36. Rg1 Bxf4 37. Qc2 Be3 38. Rg2 Re8 39. Qc7 Qf6 40. Qd7 Rd8 41. Qc7 f4 42. Nf5 Bxf5 43. Ne5 Rf8 0-1

[Event "Titled Tuesday intern op 25th Jul Early"]
[Site "Chess.com INT"]
[Date "2023.07.25"]
[Round "2"]
[White "Bortnyk, Olexandr"]
[Black "Martic, Ivan"]
[Result "1-0"]
[WhiteElo "2607"]
[BlackElo "2301"]
[PlyCount "83"]
[EventDate "2023.07.25"]
[EventType "swiss (blitz)"]
[EventRounds "11"]
[EventCountry "USA"]
[SourceTitle "EXT 2024"]
[Source "ChessBase"]
[SourceDate "2023.10.10"]
[SourceVersion "1"]
[SourceVersionDate "2023.10.10"]
[SourceQuality "1"]

1. e4 c5 2. c3 e6 3. d4 d5 4. exd5 exd5 5. Be3 cxd4 6. Bxd4 Nc6 7. Nf3 Bg4 8. Nbd2 Nf6 9. Bb5 Bd6 10. 0-0 0-0 11. Qa4 Bd7 12. Rfe1 a6 13. Bxc6 bxc6 14. Qc2 h6 15. b4 a5 16. a3 axb4 17. axb4 Rxa1 18. Rxa1 Re8 19. h3 Ne4 20. Ra7 Bb8 21. Ra1 Bf5 22. Qa4 Nxd2 23. Nxd2 Qd6 24. Nf1 Bxh3 25. Qd1 Qg6 26. Ng3 Bxg3 27. fxg3 Qxg3 28. Qf3 Qxf3 29. gxf3 Re2 30. Ra6 Rg2+ 31. Kh1 Re2 32. Rxc6 Bg2+ 33. Kg1 Bxf3 34. b5 Rg2+ 35. Kf1 Rb2 36. b6 Kh7 37. Rc7 Bh5 38. Kg1 Kg6 39. b7 Be2 40. Rc6+ f6 41. Rb6 Rxb6 42. Bxb6 1-0

[Event "Belgrade Serbia op"]
[Site "Belgrade"]
[Date "2023.07.22"]
[Round "7"]
[White "Martic, Ivan"]
[Black "Morvekar, Kedar"]
[Result "1-0"]
[WhiteElo "2301"]
[BlackElo "2049"]
[PlyCount "49"]
[EventDate "2023.07.16"]
[EventType "swiss"]
[EventRounds "9"]
[EventCountry "SRB"]
[SourceTitle "CBM 215 Extra"]
[Source "ChessBase"]
[SourceDate "2023.09.30"]
[SourceVersion "1"]
[SourceVersionDate "2023.09.30"]
[SourceQuality "1"]

1. e4 c5 2. c3 Nf6 3. e5 Nd5 4. Nf3 Nc6 5. Bc4 Nb6 6. Bb3 c4 7. Bc2 d6 8. exd6 Qxd6 9. 0-0 Bg4 10. Qe2 0-0-0 11. Re1 Kb8 12. Na3 Bxf3 13. gxf3 Na5 14. b4 cxb3 15. axb3 Nc6 16. Nc4 Nxc4 17. bxc4 e5 18. Be4 Qc7 19. d3 Bc5 20. Be3 Qd6 21. Reb1 Rhe8 22. Rb5 Nd4 23. cxd4 exd4 24. Bg5 f5 25. Bxd8 1-0

[Event "Belgrade Serbia op"]
[Site "Belgrade"]
[Date "2023.07.19"]
[Round "4"]
[White "Javadov, Habil"]
[Black "Martic, Ivan"]
[Result "0-1"]
[WhiteElo "2091"]
[BlackElo "2301"]
[PlyCount "92"]
[EventDate "2023.07.16"]
[EventType "swiss"]
[EventRounds "9"]
[EventCountry "SRB"]
[SourceTitle "CBM 215 Extra"]
[Source "ChessBase"]
[SourceDate "2023.09.30"]
[SourceVersion "1"]
[SourceVersionDate "2023.09.30"]
[SourceQuality "1"]

1. d4 Nf6 2. Nf3 g6 3. Bf4 Bg7 4. e3 0-0 5. Be2 d6 6. h3 Nbd7 7. 0-0 b6 8. c4 Ne4 9. Nbd2 Nxd2 10. Qxd2 Bb7 11. Bh2 e6 12. Rac1 a5 13. b3 f5 14. a3 Nf6 15. Qc2 Ne4 16. Nd2 Nxd2 17. Qxd2 Qg5 18. d5 e5 19. b4 axb4 20. axb4 f4 21. exf4 exf4 22. Bf3 Bc8 23. Kh1 Ra3 24. Qe2 h5 25. c5 bxc5 26. bxc5 Be5 27. Rfe1 Qh4 28. cxd6 cxd6 29. Rc7 Bf5 30. Rec1 Rb3 31. Be4 Rxh3 32. gxh3 f3 33. Bxf3 Qxh3 34. Qxe5 Qxf3+ 35. Kg1 dxe5 36. Bxe5 Rf7 37. Rxf7 Kxf7 38. Rc7+ Ke8 39. Rc3 Qd1+ 40. Kh2 Qxd5 41. Re3 Be4 42. Bg3 Kd7 43. Ra3 Qd1 44. Ra7+ Kc8 45. f3 Qxf3 46. Rc7+ Kd8 0-1

[Event "Titled Tuesday intern op 20th Jun Early"]
[Site "Chess.com INT"]
[Date "2023.06.20"]
[Round "7"]
[White "Galchenko, Matvey"]
[Black "Martic, Ivan"]
[Result "1-0"]
[WhiteElo "2438"]
[BlackElo "2301"]
[PlyCount "51"]
[EventDate "2023.06.20"]
[EventType "swiss (blitz)"]
[EventRounds "11"]
[EventCountry "USA"]
[SourceTitle "EXT 2024"]
[Source "ChessBase"]
[SourceDate "2023.10.10"]
[SourceVersion "1"]
[SourceVersionDate "2023.10.10"]
[SourceQuality "1"]

1. f4 d5 2. Nf3 g6 3. g3 Bg7 4. Bg2 c5 5. 0-0 Nc6 6. d3 Nf6 7. Nc3 d4 8. Na4 b6 9. Ne5 Nxe5 10. fxe5 Nd5 11. c4 dxc3 12. Nxc3 Be6 13. Qa4+ Kf8 14. Nxd5 Bxd5 15. Qf4 Be6 16. Bxa8 Qxa8 17. Bd2 h5 18. Bc3 h4 19. g4 h3 20. Rf3 Rh4 21. Rg3 Bh6 22. Qf3 Bd5 23. e4 Be6 24. Rf1 Qd8 25. Rxh3 Bxg4 26. Qxf7# 1-0

[Event "Titled Tuesday intern op 20th Jun Late"]
[Site "Chess.com INT"]
[Date "2023.06.20"]
[Round "9"]
[White "Martic, Ivan"]
[Black "Aalto, Patrik"]
[Result "1-0"]
[WhiteElo "2301"]
[BlackElo "2226"]
[PlyCount "111"]
[EventDate "2023.06.20"]
[EventType "swiss (blitz)"]
[EventRounds "11"]
[EventCountry "USA"]
[SourceTitle "EXT 2024"]
[Source "ChessBase"]
[SourceDate "2023.10.10"]
[SourceVersion "1"]
[SourceVersionDate "2023.10.10"]
[SourceQuality "1"]

1. e4 c5 2. Nf3 e6 3. d4 cxd4 4. Nxd4 Nc6 5. Nb5 d6 6. c4 a6 7. N5c3 Nf6 8. Be2 Be7 9. 0-0 0-0 10. Be3 b6 11. Qb3 Rb8 12. Na3 Bd7 13. Rfd1 Qc7 14. Rac1 Qb7 15. f3 Na5 16. Qc2 Rfc8 17. b4 Nc6 18. Qb3 Ne5 19. Nc2 Rc7 20. Nd4 Rbc8 21. Na4 b5 22. cxb5 axb5 23. Nc3 Nc4 24. Bf2 d5 25. exd5 Nxd5 26. Nxd5 exd5 27. Bd3 Ra8 28. Bf5 Bf6 29. Bxd7 Rxd7 30. Nf5 Ra3 31. Qb1 g6 32. Bd4 Qa6 33. Bxf6 Qxf6 34. Nd4 Qa6 35. h3 Rxa2 36. Re1 Rd8 37. Re7 Rb2 38. Qd3 Qa2 39. Qf1 Rd2 40. Nc6 Rc8 41. Na7 Rb8 42. Rce1 Kg7 43. Nc6 Ra8 44. Kh1 Qb2 45. Qg1 Qf6 46. Rd7 Qxc6 47. Ree7 Nd6 48. Qe1 Rc2 49. Qe5+ Kg8 50. Rxd6 Rc1+ 51. Kh2 Qc8 52. Qf6 Qf8 53. Rdd7 Re8 54. Rxf7 Ree1 55. Rg7+ Kh8 56. Rxh7+ 1-0

[Event "Titled Tuesday intern op 20th Jun Late"]
[Site "Chess.com INT"]
[Date "2023.06.20"]
[Round "4"]
[White "Martic, Ivan"]
[Black "Bogaudinov, Rushan"]
[Result "1-0"]
[WhiteElo "2301"]
[BlackElo "1939"]
[PlyCount "141"]
[EventDate "2023.06.20"]
[EventType "swiss (blitz)"]
[EventRounds "11"]
[EventCountry "USA"]
[SourceTitle "EXT 2024"]
[Source "ChessBase"]
[SourceDate "2023.10.10"]
[SourceVersion "1"]
[SourceVersionDate "2023.10.10"]
[SourceQuality "1"]

1. d4 d5 2. c4 e6 3. Nc3 Nf6 4. cxd5 exd5 5. Bg5 c6 6. e3 Nbd7 7. Bd3 Be7 8. Qc2 h6 9. Bh4 0-0 10. Nf3 Re8 11. 0-0 Ne4 12. Bxe7 Qxe7 13. Rab1 Ng5 14. Nd2 h5 15. Rbe1 Nf6 16. f4 Ne6 17. Nf3 c5 18. f5 Nf8 19. Ne5 N8d7 20. e4 cxd4 21. Nxd7 Bxd7 22. Nxd5 Nxd5 23. exd5 Qb4 24. Rxe8+ Rxe8 25. f6 gxf6 26. Qf2 Qd6 27. Qxd4 Qe5 28. Qxe5 fxe5 29. Rc1 e4 30. Be2 Bg4 31. Kf2 Rd8 32. Bc4 Kf8 33. Ke3 Bf5 34. Kd4 Ke7 35. Bb3 Kd6 36. Rf1 Bg6 37. Rf6+ Ke7 38. Ke5 Kf8 39. d6 e3 40. Rf1 e2 41. Re1 Bd3 42. Kd4 Rxd6+ 43. Ke3 Ba6 44. a4 Kg7 45. Bc2 Re6+ 46. Kd2 Rd6+ 47. Ke3 Re6+ 48. Kd2 Rf6 49. b4 Bc4 50. Kc3 Rf1 51. Kd2 Rxe1 52. Kxe1 Kf6 53. Be4 b6 54. h4 Ke5 55. Bf3 Kf4 56. Bxh5 f6 57. Bxe2 Bd5 58. Kf2 Bc6 59. a5 bxa5 60. bxa5 Be8 61. g3+ Kf5 62. Ke3 Ke5 63. Bd3 Bh5 64. Be4 Bg4 65. Bf3 Bf5 66. g4 Bg6 67. h5 Bh7 68. Be2 f5 69. g5 f4+ 70. Kf2 Be4 71. Bg4 1-0

[Event "Titled Tuesday intern op 20th Jun Early"]
[Site "Chess.com INT"]
[Date "2023.06.20"]
[Round "6"]
[White "Martic, Ivan"]
[Black "Goltsev, Dmitry"]
[Result "1/2-1/2"]
[WhiteElo "2301"]
[BlackElo "2269"]
[PlyCount "88"]
[EventDate "2023.06.20"]
[EventType "swiss (blitz)"]
[EventRounds "11"]
[EventCountry "USA"]
[SourceTitle "EXT 2024"]
[Source "ChessBase"]
[SourceDate "2023.10.10"]
[SourceVersion "1"]
[SourceVersionDate "2023.10.10"]
[SourceQuality "1"]

1. c4 Nf6 2. Nc3 e5 3. Nf3 Nc6 4. g3 a5 5. Bg2 Bc5 6. Nxe5 Bxf2+ 7. Kxf2 Nxe5 8. d3 Neg4+ 9. Kg1 c6 10. h3 Ne5 11. Bf4 d6 12. Qd2 h6 13. Kh2 Nh5 14. Rhf1 Ng6 15. Be3 Qe7 16. Rf3 Ne5 17. Rf2 Nf6 18. Kg1 Be6 19. b3 Qd7 20. d4 Ng6 21. Kh2 d5 22. Na4 Qc7 23. Nc5 b6 24. Nxe6 fxe6 25. Qd3 Ne7 26. Bf4 Qd7 27. Be5 0-0 28. Raf1 Nh7 29. e4 Rxf2 30. Rxf2 Rf8 31. Rxf8+ Nxf8 32. Qf3 Nfg6 33. exd5 Nxe5 34. dxe5 cxd5 35. Qd3 Qc6 36. cxd5 Nxd5 37. Qd4 Qc5 38. Qg4 Kf7 39. Qh5+ Kf8 40. Qf3+ Ke7 41. Qg4 Kf7 42. Qh5+ Kf8 43. Qf3+ Ke7 44. Qg4 Kf7 1/2-1/2

[Event "Titled Tuesday intern op 20th Jun Late"]
[Site "Chess.com INT"]
[Date "2023.06.20"]
[Round "5"]
[White "Martic, Ivan"]
[Black "Ibarra Jerez, Jose Carlos"]
[Result "0-1"]
[WhiteElo "2301"]
[BlackElo "2563"]
[PlyCount "68"]
[EventDate "2023.06.20"]
[EventType "swiss (blitz)"]
[EventRounds "11"]
[EventCountry "USA"]
[SourceTitle "EXT 2024"]
[Source "ChessBase"]
[SourceDate "2023.10.10"]
[SourceVersion "1"]
[SourceVersionDate "2023.10.10"]
[SourceQuality "1"]

1. d4 Nf6 2. Nf3 g6 3. Nbd2 Bg7 4. e4 0-0 5. Bd3 d6 6. c3 e5 7. 0-0 Nbd7 8. Re1 b6 9. Nf1 Re8 10. Ng3 Bb7 11. h3 exd4 12. cxd4 c5 13. d5 a6 14. Bg5 b5 15. Qd2 Qb6 16. Bc2 Rac8 17. Bh6 Bh8 18. Rad1 c4 19. Nd4 Nxd5 20. Ndf5 c3 21. bxc3 Bxc3 22. Qg5 Bxe1 23. Rxe1 Rxc2 24. Rf1 f6 25. Qh4 Nc3 26. Nh5 Nxe4 27. Be3 Qc6 28. Nh6+ Kf8 29. Nf4 Ng5 30. Ng4 Qxg2+ 31. Nxg2 Nf3+ 32. Kh1 Nxh4 33. Bh6+ Kf7 34. f3 Nxg2 0-1

[Event "Titled Tuesday intern op 20th Jun Late"]
[Site "Chess.com INT"]
[Date "2023.06.20"]
[Round "10"]
[White "Wang, Isaac"]
[Black "Martic, Ivan"]
[Result "1-0"]
[WhiteElo "2127"]
[BlackElo "2301"]
[PlyCount "45"]
[EventDate "2023.06.20"]
[EventType "swiss (blitz)"]
[EventRounds "11"]
[EventCountry "USA"]
[SourceTitle "EXT 2024"]
[Source "ChessBase"]
[SourceDate "2023.10.10"]
[SourceVersion "1"]
[SourceVersionDate "2023.10.10"]
[SourceQuality "1"]

1. d4 d5 2. c4 c6 3. Nc3 Nf6 4. Nf3 dxc4 5. e4 b5 6. Be2 e6 7. a4 Bb4 8. 0-0 Bxc3 9. bxc3 0-0 10. Qc2 Nbd7 11. e5 Nd5 12. Ng5 g6 13. Ne4 f5 14. Nd6 N7b6 15. Bh6 Nxa4 16. Bxf8 Qxf8 17. Bxc4 Naxc3 18. Bxd5 Nxd5 19. Qxc6 Nb6 20. Qxb6 axb6 21. Rxa8 Kg7 22. Rxc8 Qe7 23. Rc7 1-0